Tahun kemenangan. (Record no. 87568)

MARC details
000 -LEADER
fixed length control field 00705cam a22002411 4500
001 - CONTROL NUMBER
control field sa 68017183
003 - CONTROL NUMBER IDENTIFIER
control field DLC
005 - DATE AND TIME OF LATEST TRANSACTION
control field 20260227112700.0
008 - FIXED-LENGTH DATA ELEMENTS--GENERAL INFORMATION
fixed length control field 720613s1965 xx 000 0 ind
010 ## - LIBRARY OF CONGRESS CONTROL NUMBER
LC control number sa 68017183
035 ## - SYSTEM CONTROL NUMBER
System control number (OCoLC)331358
040 ## - CATALOGING SOURCE
Original cataloging agency DLC
Transcribing agency OAU
Modifying agency DLC
042 ## - AUTHENTICATION CODE
Authentication code premarc
050 00 - LIBRARY OF CONGRESS CALL NUMBER
Classification number DS644
Item number .2 1962.S9563
100 0# - MAIN ENTRY--PERSONAL NAME
Personal name Soekarno,
Dates associated with a name 1901-1970.
245 10 - TITLE STATEMENT
Title Tahun kemenangan.
Remainder of title A year of triumph.
Statement of responsibility, etc. Amanat P. J. M. Presiden R. I. pada hari perajaan ulang tahun Kemerdekaan R. I. 17 Aug. 1962.
250 ## - EDITION STATEMENT
Edition statement Tjet. 2.
260 ## - PUBLICATION, DISTRIBUTION, ETC.
Place of publication, distribution, etc. Medan,
Name of publisher, distributor, etc. Harris
Date of publication, distribution, etc. [1965]
300 ## - PHYSICAL DESCRIPTION
Extent 44 p.
Dimensions 17 cm.
500 ## - GENERAL NOTE
General note Cover title: Takem.
740 2# - ADDED ENTRY--UNCONTROLLED RELATED/ANALYTICAL TITLE
Uncontrolled related/analytical title A year of triumph.
740 0# - ADDED ENTRY--UNCONTROLLED RELATED/ANALYTICAL TITLE
Uncontrolled related/analytical title Takem.

No items available.

Powered by Koha